| 000 | 00922nam a22002777a 4500 | ||
|---|---|---|---|
| 003 | DO-SdBNP | ||
| 005 | 20240530073925.0 | ||
| 007 | ta | ||
| 008 | 210830b20182018dr 00| 0 eng spa | ||
| 020 | _a9789945609509 | ||
| 040 |
_aDO-SdBNP _bspa _cBNPHU |
||
| 082 | 4 |
_aRD863.5 _bO34m _222 |
|
| 100 | 1 |
_aOgando, Carlos _979629 |
|
| 245 | 1 | 3 |
_aEl misterioso caso de Martha Baldwin / _cCarlos Ogando, Greici Martínez, Breydy Rojas ; prólogo Greici Martíne y Carlos Ogando. |
| 260 |
_aSanto Domingo : _bSantuario, _c2018. |
||
| 300 |
_a78 p. ; _c23 cm. |
||
| 590 | _aInventariado, 2021 /LP | ||
| 650 | 0 |
_aNovela dominicana _9223 |
|
| 650 | 4 | _aLiteratura dominicana | |
| 700 | 1 |
_aMartínez, Greici _979630 |
|
| 700 | 1 |
_aMartínez, Greici, _epról. _979630 |
|
| 700 | 1 |
_aRojas, Breydy _979631 |
|
| 700 | 1 |
_aRojas, Breydy, _epról. _979631 |
|
| 910 | _aLopérez./Validado. Control de calidad MFF | ||
| 942 |
_2ddc _cLBS1 |
||
| 999 |
_c50325 _d50325 |
||